000 00548nam a2200157 a 4500
001 000031234
005 20200930062806.0
008 110615s2009 dr 000 0 spa d
040 _aDO-SdBNP
_bspa
_cBNPHU
245 1 0 _aArmas de fuego :
_binforme presentado en el marco de la semana de acción mundial contra la vilencia armada /
_cOrlidy Inoa.
260 _aSanto Domingo :
_bInstituto Caribeño para el Estado de Derecho,
_c2009.
300 _a15 p. ;
_c21 cm.
504 _aBibliografía : p. 15
700 1 _aInoa, Orlidy
_99454
049 _aBNPD
999 _c30726
_d30726